[Event "Titled Tuesday intern op 27th Dec Late"]
[Site "Chess.com INT"]
[Date "2022.12.27"]
[Round "4"]
[White "Gahan, MG."]
[Black "Martin Carmona, Gaston Manuel"]
[Result "1-0"]
[WhiteElo "2247"]
[BlackElo "2337"]
[PlyCount "171"]
[EventDate "2022.12.27"]
[EventType "swiss (blitz)"]
[EventRounds "11"]
[EventCountry "USA"]
[SourceTitle "EXT 2024"]
[Source "ChessBase"]
[SourceDate "2023.10.10"]
[SourceVersion "1"]
[SourceVersionDate "2023.10.10"]
[SourceQuality "1"]

1. e4 c5 2. c3 Nf6 3. e5 Nd5 4. d4 cxd4 5. cxd4 d6 6. Nf3 Nc6 7. Bc4 Nb6 8. Bb5 dxe5 9. Nxe5 Bd7 10. Nxd7 Qxd7 11. Nc3 e6 12. Be3 a6 13. Bxc6 Qxc6 14. 0-0 Nd5 15. Rc1 Qd7 16. Qf3 Be7 17. Nxd5 exd5 18. Qg3 0-0 19. Rc7 Qe6 20. Rxb7 Bd6 21. Qf3 Rfb8 22. Rxb8+ Rxb8 23. b3 a5 24. Rc1 h6 25. g3 Ba3 26. Rc7 Bb4 27. Ra7 Rf8 28. Kg2 Qc6 29. Bf4 Qe6 30. Be5 f6 31. Bc7 Rf7 32. Ra8+ Rf8 33. Rxf8+ Kxf8 34. Qd3 Kg8 35. h4 Qc6 36. Bf4 Qe8 37. Qf5 Qc6 38. Qg6 Bc3 39. Bxh6 Qd7 40. Be3 Qe6 41. Qc2 Bb4 42. Qg6 Bc3 43. h5 Kf8 44. h6 gxh6 45. Qxh6+ Ke8 46. Qh8+ Kd7 47. Qh7+ Ke8 48. Qd3 Bb4 49. Qb5+ Kf7 50. Qd3 Ke8 51. Bd2 Bxd2 52. Qxd2 Qe4+ 53. Kg1 Kf7 54. Kf1 Qh1+ 55. Ke2 Qe4+ 56. Kd1 Qb1+ 57. Ke2 Qe4+ 58. Qe3 Qc2+ 59. Kf3 Qxa2 60. Qd3 a4 61. bxa4 Qxa4 62. Qh7+ Ke6 63. Qg8+ Kd6 64. Qd8+ Ke6 65. Qc8+ Ke7 66. Qc5+ Ke6 67. Qc8+ Ke7 68. Qc3 Qd7 69. g4 Kf7 70. Qe3 Qd6 71. Qf4 Qa3+ 72. Kg2 Qd3 73. Qc7+ Kg6 74. Qf4 Kf7 75. g5 Qg6 76. Qxf6+ Qxf6 77. gxf6 Kxf6 78. Kg3 Kg5 79. f4+ Kf5 80. Kf3 Kg6 81. Kg4 Kf6 82. f5 Ke7 83. Kg5 Kf7 84. f6 Ke6 85. Kg6 Kd7 86. f7 1-0

[Event "Titled Tuesday intern op 06th Dec Late"]
[Site "Chess.com INT"]
[Date "2022.12.06"]
[Round "3"]
[White "Martin Carmona, Gaston Manuel"]
[Black "Rosen, Eric S"]
[Result "0-1"]
[WhiteElo "2337"]
[BlackElo "2356"]
[PlyCount "116"]
[EventDate "2022.12.06"]
[EventType "swiss (blitz)"]
[EventRounds "11"]
[EventCountry "USA"]
[SourceTitle "CBM 211 Extra"]
[Source "ChessBase"]
[SourceDate "2023.01.31"]
[SourceVersion "1"]
[SourceVersionDate "2023.01.31"]
[SourceQuality "1"]

1. e4 c5 2. Nf3 d6 3. d4 Nf6 4. Nc3 cxd4 5. Nxd4 g6 6. Be3 Bg7 7. f3 a6 8. Qd2 h5 9. Bc4 b5 10. Bb3 Bb7 11. 0-0 Nbd7 12. Rae1 Rc8 13. Nd5 Nc5 14. Nxf6+ Bxf6 15. Bg5 Bxg5 16. Qxg5 Nxb3 17. Nxb3 Rxc2 18. e5 dxe5 19. Qxe5 0-0 20. Qxe7 Qxe7 21. Rxe7 Bd5 22. Rf2 Rfc8 23. Ree2 Bxb3 24. axb3 Rc1+ 25. Rf1 Rxf1+ 26. Kxf1 Rc1+ 27. Kf2 Rb1 28. Ke3 Kf8 29. Kd3 Rc1 30. Kd2 Rc6 31. g4 h4 32. f4 Kg7 33. Re3 Kf6 34. Rh3 g5 35. f5 Ke5 36. Rf3 Ke4 37. Rf1 Rd6+ 38. Ke2 Rc6 39. Kd2 Rd6+ 40. Ke2 f6 41. h3 Rd4 42. Ra1 Rd6 43. Rc1 Kf4 44. Rc3 b4 45. Rf3+ Ke4 46. Re3+ Kf4 47. Rf3+ Ke5 48. Re3+ Kf4 49. Re6 Rd7 50. Rxf6 Kg3 51. Rxa6 Kxh3 52. f6 Kxg4 53. Re6 Rf7 54. Re4+ Kg3 55. Rxb4 Rxf6 56. Rc4 h3 57. Rc3+ Kg2 58. Rc4 Rf4 0-1

[Event "Titled Tuesday intern op 06th Dec Late"]
[Site "Chess.com INT"]
[Date "2022.12.06"]
[Round "6"]
[White "Martin Carmona, Gaston Manuel"]
[Black "Slovineanu, Viacheslav"]
[Result "1-0"]
[WhiteElo "2337"]
[BlackElo "2412"]
[PlyCount "63"]
[EventDate "2022.12.06"]
[EventType "swiss (blitz)"]
[EventRounds "11"]
[EventCountry "USA"]
[SourceTitle "CBM 211 Extra"]
[Source "ChessBase"]
[SourceDate "2023.01.31"]
[SourceVersion "1"]
[SourceVersionDate "2023.01.31"]
[SourceQuality "1"]

1. e4 c6 2. Nf3 d5 3. d3 Qc7 4. g3 e5 5. Bg2 Nf6 6. 0-0 Bd6 7. Nc3 d4 8. Ne2 0-0 9. Nd2 Nbd7 10. f4 Ng4 11. Nc4 b5 12. Nxd6 Qxd6 13. h3 Ne3 14. Bxe3 dxe3 15. Qc1 exf4 16. gxf4 Qc5 17. d4 Qc4 18. Qxe3 Qxc2 19. b3 Nf6 20. Rac1 Qxa2 21. Rxc6 Be6 22. d5 Bxd5 23. Nc1 Qxg2+ 24. Kxg2 Bxe4+ 25. Kh2 Bxc6 26. Rg1 a5 27. Qc3 Be4 28. Qxf6 g6 29. f5 a4 30. bxa4 bxa4 31. fxg6 hxg6 32. Rg4 1-0

[Event "Titled Tuesday intern op 06th Dec Late"]
[Site "Chess.com INT"]
[Date "2022.12.06"]
[Round "1"]
[White "Pakleza, Zbigniew"]
[Black "Martin Carmona, Gaston Manuel"]
[Result "0-1"]
[WhiteElo "2496"]
[BlackElo "2337"]
[PlyCount "206"]
[EventDate "2022.12.06"]
[EventType "swiss (blitz)"]
[EventRounds "11"]
[EventCountry "USA"]
[SourceTitle "CBM 211 Extra"]
[Source "ChessBase"]
[SourceDate "2023.01.31"]
[SourceVersion "1"]
[SourceVersionDate "2023.01.31"]
[SourceQuality "1"]

1. d4 Nf6 2. Nf3 c5 3. c3 d5 4. Bf4 Nc6 5. Nbd2 e6 6. e3 Bd6 7. Bg3 0-0 8. Bd3 b6 9. Ne5 Bb7 10. f4 Ne7 11. Qb1 Qc8 12. Bh4 Nf5 13. Bxf5 exf5 14. Bxf6 gxf6 15. Nef3 Qe6 16. Kf2 Rae8 17. Re1 Qd7 18. Nh4 Re4 19. Nxe4 fxe4 20. Qd1 Kh8 21. Qh5 Rg8 22. h3 Qc7 23. Kg1 c4 24. Nf5 Bf8 25. g4 Qd7 26. a4 Rg6 27. Kf2 Bc8 28. Rg1 Qe6 29. Ng3 Rh6 30. Qf5 Qc6 31. Qh5 Rxh5 32. Nxh5 a5 33. Rg2 Bd7 34. Kg1 Be7 35. Kh1 b5 36. axb5 Qxb5 37. f5 a4 38. Nf4 Bc6 39. h4 Bd6 40. Nh5 Be7 41. g5 fxg5 42. f6 Bf8 43. Rxg5 Bh6 44. Rg3 Qxb2 45. Rag1 Qb8 46. Ng7 Bd7 47. Nh5 Bf5 48. Nf4 Bxf4 49. exf4 Bg6 50. f5 Bxf5 51. Rg5 Bg6 52. h5 Kg8 53. hxg6 fxg6 54. Rxd5 Kf7 55. Rd7+ Kxf6 56. Rxh7 Qf4 57. d5 Qf3+ 58. Kh2 Qf2+ 59. Rg2 Qf4+ 60. Kh3 e3 61. d6 Qxd6 62. Rh8 Qe6+ 63. Kh2 Qe5+ 64. Kh1 Kg7 65. Rhh2 a3 66. Re2 Qxc3 67. Rhg2 Qb3 68. Kh2 c3 69. Rc2 Kf6 70. Rce2 Ke5 71. Rxe3+ Kd4 72. Ree2 Kd3 73. Ref2 c2 74. Rg3+ Kc4 75. Rf4+ Kc5 76. Rxb3 c1Q 77. Rbf3 a2 78. Rf8 a1Q 79. Rc8+ Kd6 80. Rd3+ Ke7 81. Rxc1 Qxc1 82. Rg3 Qh6+ 83. Kg2 Kf6 84. Rf3+ Kg7 85. Rh3 Qd2+ 86. Kh1 Qe1+ 87. Kg2 Kf6 88. Rf3+ Kg5 89. Rg3+ Kf5 90. Kh2 Qf2+ 91. Kh1 Qf1+ 92. Kh2 Qf2+ 93. Kh1 g5 94. Rg2 Qxg2+ 95. Kxg2 Kg4 96. Kh2 Kf3 97. Kg1 g4 98. Kf1 g3 99. Kg1 g2 100. Kh2 Kf2 101. Kh3 g1Q 102. Kh4 Qg6 103. Kh3 Qg3# 0-1

[Event "Malaga op 16th"]
[Site "Malaga"]
[Date "2022.10.31"]
[Round "7"]
[White "Jarmula, Lukasz"]
[Black "Martin Carmona, Gaston Manuel"]
[Result "1-0"]
[WhiteElo "2457"]
[BlackElo "2335"]
[PlyCount "117"]
[EventDate "2022.10.27"]
[EventType "swiss"]
[EventRounds "9"]
[EventCountry "ESP"]
[SourceTitle "EXT 2024"]
[Source "ChessBase"]
[SourceDate "2023.10.10"]
[SourceVersion "1"]
[SourceVersionDate "2023.10.10"]
[SourceQuality "1"]

1. e4 c5 2. Nf3 e6 3. d4 cxd4 4. Nxd4 Nc6 5. Nc3 Qc7 6. Be2 Nf6 7. Ndb5 Qb8 8. f4 a6 9. e5 axb5 10. exf6 b4 11. fxg7 Bxg7 12. Nb5 d5 13. 0-0 0-0 14. Bd3 f5 15. Kh1 Bd7 16. c4 bxc3 17. bxc3 Nb4 18. Nd4 Nxd3 19. Qxd3 Qc7 20. Bd2 Qc4 21. Qb1 b5 22. a3 Ra6 23. Qb2 Rfa8 24. Rfb1 Bf8 25. Nc2 Bd6 26. Qc1 h6 27. Nb4 Ra4 28. Be3 Qe4 29. Nc2 Kh7 30. Qd2 Rg8 31. Rf1 Rg4 32. Rae1 Qc4 33. Bd4 Qc7 34. g3 Qb7 35. Rf2 Rg6 36. Rfe2 Ra8 37. Qd3 Qc8 38. Qf3 Qf8 39. Qd3 Qc8 40. Qf3 Qf8 41. Rd2 Ra4 42. Qd3 Qc8 43. Rg2 Qc4 44. Qf3 Ra8 45. Rd2 Qc8 46. Rg1 Qg8 47. Rdg2 Qf7 48. Qd3 Rag8 49. Ne3 Qf8 50. Nc2 Qf7 51. Qe3 Qe7 52. Nb4 Ra8 53. Nd3 Qf7 54. Ne5 Bxe5 55. Qxe5 Bc6 56. g4 Rag8 57. gxf5 Qxf5 58. Qc7+ R8g7 59. Qxg7+ 1-0